| 000 | 01105nam a22002777a 4500 | ||
|---|---|---|---|
| 999 |
_c64717 _d64717 |
||
| 005 | 20240530110746.0 | ||
| 008 | 181204s2018 ua g 000 0 ara d | ||
| 017 |
_a2017/16485 _bمصر. دار الكتب |
||
| 020 | _a97897781221797 | ||
| 040 |
_aEG-CaGPL _cEG-CaGPL |
||
| 082 | 0 | 4 |
_221 _a327.11 / _bإ ع |
| 100 | 0 | _aاسماعيل عبدالفتاح عبدالكافى | |
| 245 | 1 | 2 |
_aالعصر النووى والقوة النووية فى العالم المعاصر / _cاعداد اسماعيل عبدالفتاح عبدالكافى |
| 250 | _aط.1 | ||
| 260 |
_aالقاهرة : _bالمكتب العربى للمعارف، _c2018. |
||
| 300 |
_a443 ص. ؛ _c24 سم. |
||
| 490 | 0 | _aالعالم يفكر ويتامل | |
| 650 | 0 | 7 |
_2qrmak _aالاسلحة النووية |
| 650 | 0 | 7 |
_2qrmak _aالاسلحة الذرية |
| 650 | 0 | 7 |
_2qrmak _aالاسلحة والتسليح |
| 651 | _2qrmak | ||
| 653 | 0 | _aالاسلحة النووية - تهديد | |
| 653 | 0 | _aالاسلحة النووية - استخدام | |
| 942 |
_2ddc _cBK |
||